| 000 | 00693nac a22002171u 4500 | ||
|---|---|---|---|
| 008 | 101017s2011 xxu||||g |||| 001 0 eng d | ||
| 010 | _a90033829 | ||
| 020 | _a9780470505861 | ||
| 082 | 0 | 0 |
_a620.11 _bCAL _222 |
| 100 |
_aCallister, William D., _920451 |
||
| 245 | 1 | 0 |
_aMaterials science and engineering/ _cWilliam D. Callister, Jr. |
| 250 | _a8th ed. | ||
| 260 |
_aNew York : _bWiley, _cc2011. |
||
| 300 |
_axxi,122 p. : _bill. ; _c25 cm. |
||
| 500 | _aDonations - Dr. Mostafa Gouda | ||
| 504 | _aIncludes bibliographical references and index. | ||
| 650 | 0 |
_aMaterials. _920452 |
|
| 653 |
_bMec _cSeptember2013 |
||
| 700 |
_91301 _aRethwisch, David G. |
||
| 942 |
_cBB _k620.11CAL _2ddc |
||
| 999 |
_c14771 _d14771 |
||